000 01233nam a2200361 c 4500
001 59918
003 CO-BoRNBP
005 20251112142148.0
007 ta
008 210827r20152016sp er 000 0 spa d
020 _a9788420697994
040 _aCO-BoRNBP
_bspa
_erda
_cCO-BoRNBP
041 1 _aspa
_heng
082 0 4 _a540
_bA74q
_222
100 1 _aAskin, Peter
_d1940-
_eaut
_967169
245 1 1 _a¿Qué es la química? /
_cPeter Atkins ; traducción de Miguel Paredes Larrucea.
250 _aPrimera edición
264 1 _aMadrid, España :
_bAlianza Editorial,
_c2016
300 _a171 páginas
336 _atexto
_btxt
_2rdacontent
337 _asin mediación
_bn
_2rdamedia
338 _avolumen
_bnc
_2rdacarrier
490 0 _aEl libro de bolsillo. Ciencias
_vC36
500 _aEl material correspondiente a la dotación PNLB 2022, corresponde a la edición de 2015
500 _aIncluye glosario e índice analítico
521 _aRecomendado para un público adulto
534 _tWhat is chemical
650 0 7 _aReacciones químicas
_2lemb
_967170
650 0 7 _aTecnología química
_2lemb
_967171
650 0 7 _aQuimica
_xHistoria
_2lemb
_966583
700 _aParedes Larrucea, Miguel
_etrl
_964866
942 _2ddc
_cBK
999 _c59918
_d59918